Central Library OPAC University of Rajshahi

Final report of the Population Growth Estimation experiment, 1962-1965 / (Record no. 35501)

MARC details
000 -LEADER
fixed length control field 00999nam a2200289 4500
001 - CONTROL NUMBER
control field 35501
003 - CONTROL NUMBER IDENTIFIER
rucl marc code BD-RjUL
005 - DATE AND TIME OF LATEST TRANSACTION
control field 20211209052331.0
008 - FIXED-LENGTH DATA ELEMENTS--GENERAL INFORMATION
fixed length control field 140526s1971 pk bs 000 0 eng d
035 ## - SYSTEM CONTROL NUMBER
System control number (BD-RjUL)35595
040 ## - CATALOGING SOURCE
Original cataloging agency DLC
Transcribing agency DLC
Modifying agency DLC
-- BD-RjUL
Language of cataloging eng
041 ## - LANGUAGE CODE
Language code of text/sound track or separate title eng
082 00 - DEWEY DECIMAL CLASSIFICATION NUMBER
Classification number 304.6095491
Author mark and year FIN 1971
110 2# - MAIN ENTRY--CORPORATE NAME
Corporate name or jurisdiction name as entry element Pakistan Institute of Development Economics.
9 (RLIN) 8233
245 10 - TITLE STATEMENT
Title Final report of the Population Growth Estimation experiment, 1962-1965 /
Statement of responsibility, etc. Edited by M. Naseem Iqbal Farooqui [and] Ghazi Mumtaz Farooq.
260 ## - PUBLICATION, DISTRIBUTION, ETC. (IMPRINT)
Place of publication, distribution, etc. Dacca,
Date of publication, distribution, etc. 1971.
Name of publisher, distributor, etc. Pakistain Instituted of Development Economics,
300 ## - PHYSICAL DESCRIPTION
Pagination 355 p. ;
Size 24 cm.
350 ## - PRICE (NR) (BK AM CF MU VM SE) [OBSOLETE]
Price Rs10.00
-- ($4.00 U.S.)
410 21 - SERIES STATEMENT/ADDED ENTRY--CORPORATE NAME [OBSOLETE, CAN/MARC], [LOCAL, USA]
Corporate name or jurisdiction name as entry element Its
Title of a work Special publication series
504 ## - BIBLIOGRAPHY, ETC. NOTE
Bibliography, etc Includes bibliographies.
651 #0 - SUBJECT ADDED ENTRY--GEOGRAPHIC NAME
Geographic name Pakistan
General subdivision Population.
9 (RLIN) 108088
700 1# - ADDED ENTRY--PERSONAL NAME
Personal name Farooqui, Naseem Iqbal,
Relator term ed.
Personal name Farooq, Ghazi Mumtaz,
Relator term ed.
942 ## - ADDED ENTRY ELEMENTS (KOHA)
Source of classification or shelving scheme Dewey Decimal Classification
Koha item type Books
Holdings
Lost status Source of classification or shelving scheme Damaged status Not for loan Collection code Permanent Location Current Location Shelving location Date acquired Source of acquisition Cost, normal purchase price Total Checkouts Full call number Date last seen Copy number Koha item type
  Dewey Decimal Classification   Not For Loan Non-fiction Central Library, University of Rajshahi Central Library, University of Rajshahi Reading Room 04/05/1973 Warsi Book Center 54.00   304.6095491 FIN 1971 26/05/2014 C-1 Books